000 00706nab a2200217u 4500
001 19404
003 HDC
007 c| |||a|c|aaaa
008 210228b20110602my ||||o |||| 00| 0 eng d
040 _aHDC
245 0 _aAustralia: Butchers treat halal beef 'with respect'
336 _atext
_2rdacontent
337 _acomputer
_2rdamedia
338 _aonline resource
_2rdacarrier
650 _aFletcher International Exports
_917865
650 _aHalal meat
_91025
856 _zRequest full-text at [email protected]
942 _2lcc
942 _cNEWS
942 _kNWS0 003563
999 _c16720
_d16720